Moji krušnohorští jeleni /

Hlavní autor: Svoboda, Josef
Jazyk: Čeština
Vydáno: [Pernink] : Mgr. Josef Svoboda, 2019
Vydání: Vydání první
Témata:
Fyzický popis: 42 stran : barevné ilustrace, portréty ; 21 cm
Knihy
Uloženo v:
LEADER 01885nam a2200553 i 4500
001 nkc20193100187
003 CZ PrNK
005 20190903062756.0
007 ta
008 190530s2019 xr ac e 000 1 cze
015 |a cnb003100187 
020 |a 978-80-270-6007-8  |q (brožováno) 
035 |a (OCoLC)1111952690 
040 |a OLA001  |b cze  |d ABA001  |e rda 
043 |a e-xr---  |b e-xr-ka  |b e-xr-cc  |2 czenas 
072 7 |a 639.1  |x Myslivost  |2 Konspekt  |9 24 
080 |a 639.1  |2 MRF 
080 |a 639.1.081  |2 MRF 
080 |a 639.111.1  |2 MRF 
080 |a (437.318)  |2 MRF 
080 |a (437.31-15)  |2 MRF 
080 |a (0:82-32)  |2 MRF 
100 1 |a Svoboda, Josef  |4 aut 
245 1 0 |a Moji krušnohorští jeleni /  |c Josef Svoboda 
250 |a Vydání první 
264 1 |a [Pernink] :  |b Mgr. Josef Svoboda,  |c 2019 
300 |a 42 stran :  |b barevné ilustrace, portréty ;  |c 21 cm 
336 |a text  |b txt  |2 rdacontent 
337 |a bez média  |b n  |2 rdamedia 
338 |a svazek  |b nc  |2 rdacarrier 
500 |a 250 výtisků 
650 0 7 |a myslivost  |7 ph115386  |z Česko  |2 czenas 
650 0 7 |a lovectví  |7 ph115182  |z Česko  |2 czenas 
650 0 7 |a jelení zvěř  |7 ph121340  |z Česko  |2 czenas 
650 0 9 |a game management  |z Czechia  |2 eczenas 
650 0 9 |a hunting  |z Czechia  |2 eczenas 
650 0 9 |a red deer game  |z Czechia  |2 eczenas 
651 7 |a Karlovy Vary (Česko : oblast)  |7 ge129536  |2 czenas 
651 7 |a Krušné hory (Česko a Německo)  |7 ge134291  |2 czenas 
651 9 |a Karlovy Vary Region (Czechia)  |2 eczenas 
651 9 |a Krušné hory Mountains (Czechia and Germany)  |2 eczenas 
655 7 |a příběhy  |7 fd133204  |2 czenas 
655 9 |a stories  |2 eczenas 
910 2 |a BOA001  |b 2-1426.893 
928 9 |a Josef Svoboda 
990 |a BK 
995 |a 01 
991 |b 201909  |c NOV 
996 6 |b 2610787733  |c 2-1426.893  |l MZK  |r Sklad / do 1 hodiny  |n 0  |p p.v.  |w 001731954  |u 000010  |a 1  |e BOA001  |j MZK50  |s P